"Battle Hymn of the Republic" Lyrics - Statistics

General Stats
  • This quiz has been taken 99 times
  • The average score is 13 of 25
Answer Stats
Lyric % Correct
Mine eyes have seen the {glory} of the coming of the Lord,
96%
Glory, glory, glory, {hallelujah}!
90%
Glory, glory, {hallelujah}!
90%
He goes trampling out the vintage where the {grapes} of wrath are stored,
88%
His {truth} is marching on!
87%
He hath loosed the fateful {lightnings} of His terrible swift sword,
68%
Our {God} is marching on!
63%
Since {God} is marching on!
63%
While {God} is marching on!
63%
As Christ died to make men holy, let us {die} to make men free,
60%
They have builded Him an {altar} in the evening dews and damps,
56%
I have seen Him in the {watchfires} of a hundred circling camps,
50%
His {day} is marching on!
49%
He has sounded out the {trumpet} that shall never call retreat,
46%
O, be swift, my {soul}, to answer Him, be jubilant, my feet!
46%
With a glory in His {bosom} that shines out on you and me,
44%
I can read his righteous {sentence} by the dim and flaring lamps,
41%
Let the Hero, born of woman, crush the {serpent} with His heel,
41%
In the whiteness of the {lilies} He was born across the sea,
40%
"As you deal with my contemners, so with you my {grace} shall deal,"
31%
I have read a fiery {gospel} writ in burnished rows of steel,
28%
He is coming like the glory of the {morning} on the wave,
18%
So the w'rld shall be His {footstool}, and the soul of time His slave,
17%
He is {wisdom} to the mighty, He is succour to the brave,
15%
He has waked the Earth's dull {sorrow} with a high ecstatic beat,
4%
No matching quizzes found
Score Distribution
Percent of People with Each Score
Percentile by Number Answered
Your Score History
You have not taken this quiz